00301nam a2200121Ia 4500008004100000082001800041100002000059245005200079250000800131260002400139300000800163650000800171191201s2010 xx 000 0 und d a658.4012bLES aLEVINE, David M 0aStatistics for Managers, Using Microsoft Excel, a5TH aN. DelhibPHIc2010 a858 aBBA